000 01049cam a2200289 a 4500
999 _c4633
_d4633
001 11768067
003 GBCCL
005 20241126110523.0
008 990722s1999 cau b 001 0 eng
010 _a 99042624
020 _a0878082999 (alk. paper)
035 _a(DLC) 99042624
040 _aDLC
_cDLC
_dDLC
050 0 0 _aBT180.N2
_bB46 1999
082 0 0 _a231
_221
_bBEN
100 1 _aBentley, David,
_d1933-
_98517
245 1 4 _aThe 99 beautiful names of God for all the people of the book /
_cDavid Bentley.
246 3 0 _aNinety-nine beautiful names for God for all the people of the book
260 _aPasadena, Calif. :
_bWilliam Carey Library,
_cc1999.
300 _a112 p. :
_c23 cm.
504 _aIncludes bibliographical references (p. 101) and indexes.
650 0 _aGod
_xName.
_98518
650 0 _aGod (Islam)
_xName.
_98519
906 _a7
_bcbc
_corignew
_d1
_eocip
_f19
_gy-gencatlg
942 _2ddc
_cBK